Central Library OPAC University of Rajshahi

Billy Budd, sailor : (Record no. 17006)

MARC details
000 -LEADER
fixed length control field 01016cam a2200301 4500
001 - CONTROL NUMBER
control field 17006
003 - CONTROL NUMBER IDENTIFIER
rucl marc code BD-RjUL
005 - DATE AND TIME OF LATEST TRANSACTION
control field 20211209000056.0
008 - FIXED-LENGTH DATA ELEMENTS--GENERAL INFORMATION
fixed length control field 140216r19851967mdubc b 000 1 eng
035 ## - SYSTEM CONTROL NUMBER
System control number (BD-RjUL)17063
040 ## - CATALOGING SOURCE
Original cataloging agency DLC
Transcribing agency DLC
Modifying agency DLC
-- BD-RjUL
Language of cataloging eng
041 ## - LANGUAGE CODE
Language code of text/sound track or separate title eng
082 04 - DEWEY DECIMAL CLASSIFICATION NUMBER
Classification number 813.5
Author mark and year MEB 1985
100 1# - MAIN ENTRY--PERSONAL NAME
Personal name Melville, Herman,
Dates associated with a name 1819-1891.
9 (RLIN) 42658
245 10 - TITLE STATEMENT
Title Billy Budd, sailor :
Remainder of title And other stories /
Statement of responsibility, etc. Selected and edited with an introd. by Harold Beaver.
260 ## - PUBLICATION, DISTRIBUTION, ETC. (IMPRINT)
Place of publication, distribution, etc. Baltimore :
Name of publisher, distributor, etc. Penguin Books,
Date of publication, distribution, etc. c1967 [Reprinted 1985].
300 ## - PHYSICAL DESCRIPTION
Pagination 465 p. :
Illustrations port., map. ;
Size 18 cm.
490 0# - SERIES STATEMENT
Series statement The Penguin English library, EL29
504 ## - BIBLIOGRAPHY, ETC. NOTE
Bibliography, etc Includes bibliographical references.
650 #0 - SUBJECT ADDED ENTRY--TOPICAL TERM
Topical term or geographic name as entry element Executions and executioners
Form subdivision Fiction.
9 (RLIN) 52463
Topical term or geographic name as entry element Ship captains
Form subdivision Fiction.
9 (RLIN) 52200
Topical term or geographic name as entry element Impressment
Form subdivision Fiction.
9 (RLIN) 52464
Topical term or geographic name as entry element Sailors
General subdivision Fiction.
9 (RLIN) 52465
942 ## - ADDED ENTRY ELEMENTS (KOHA)
Source of classification or shelving scheme Dewey Decimal Classification
Koha item type Books
Holdings
Lost status Source of classification or shelving scheme Damaged status Not for loan Collection code Permanent Location Current Location Shelving location Date acquired Source of acquisition Total Checkouts Full call number Date last seen Copy number Koha item type
  Dewey Decimal Classification     Non-fiction Central Library, University of Rajshahi Central Library, University of Rajshahi   20/05/1995 British council   813.5 MEB 1985 16/02/2014 C-4 Books